Τραγούδια για σχολικές, στρατιωτικές, εργατικές χορωδίες : προσφορά για τα ελληνόπουλα
Αποθηκεύτηκε σε:
| Κύριος συγγραφέας: | |
|---|---|
| Μορφή: | Βιβλίο |
| Γλώσσα: | Greek |
| Δημοσίευση: |
Αθήνα :
Ιδιοχτησία του συνθέτη,
[1954].
|
| Θέματα: | |
| Ετικέτες: |
Προσθήκη ετικέτας
Δεν υπάρχουν, Καταχωρήστε ετικέτα πρώτοι!
|
MARC
| LEADER | 00000cam a2200000 a 4500 | ||
|---|---|---|---|
| 001 | 1/124070 | ||
| 008 | 211209s1954####gr | ||| |||| ||gre|| | ||
| 040 | |a GR-MyUa |b gre |c GR-MyUa |e AACR2 | ||
| 041 | 0 | |a gre | |
| 082 | 7 | |a 782.42 |2 (23) | |
| 100 | 1 | |a Καλομοίρης, Μανώλης, |d 1883-1962. | |
| 245 | 1 | 0 | |a Τραγούδια για σχολικές, στρατιωτικές, εργατικές χορωδίες : |b προσφορά για τα ελληνόπουλα / |c Μανώλη Καλομοίρη. |
| 260 | |a Αθήνα : |b Ιδιοχτησία του συνθέτη, |c [1954]. | ||
| 300 | |a 4 τ. : |b εικ. ; |c 24 εκ. | ||
| 505 | 8 | |a Τ.1. Γενικά και φυσιολατρικά (μέρος 1). Τραγούδια σε δημοτικούς στίχους ή σε λαϊκές μελωδίες (μέρος 2) -- τ.2. Θρησκευτικά ( μέρος 3). Πατριωτικά (μέρος 4) -- τ.3. Τραγούδια για επαγγελματικές χορωδίες (μέρος 5) -- τ.4. Τραγούδια με συνοδεία ορχήστρας (μέρος 6) | |
| 650 | 0 | |a Songs | |
| 650 | 0 | |a School music |x Instruction and study. | |
| 740 | 0 | |a Γενικά και φυσιολατρικά (μέρος 1). Τραγούδια σε δημοτικούς στίχους ή σε λαϊκές μελωδίες (μέρος 2) | |
| 740 | 0 | |a Θρησκευτικά ( μέρος 3). Πατριωτικά (μέρος 4) | |
| 740 | 0 | |a Τραγούδια για επαγγελματικές χορωδίες (μέρος 5) | |
| 740 | 0 | |a Τραγούδια με συνοδεία ορχήστρας (μέρος 6) | |
| 852 | |a INST |b RHODES |c AKA |e 20211209 |h 782.42 ΚΑΛ |p 005400042460 |q 005400042460 |t BK |v τομ.1: |y 0 | ||
| 853 | |a INST |b RHODES |c AKA |h 782.42 ΚΑΛ | ||
| 970 | |z 09-12-2021 | ||